[Event "Tatabanya Regional-ch"]
[Site "Tatabanya"]
[Date "2014.12.29"]
[Round "5"]
[White "Javor, Tamas"]
[Black "Meszaros, Edmond Vilmos"]
[Result "1/2-1/2"]
[WhiteElo "1824"]
[BlackElo "1722"]
[PlyCount "58"]
[EventDate "2014.12.27"]
[EventType "swiss"]
[EventRounds "7"]
[EventCountry "HUN"]
[SourceTitle "CBM 164 Extra"]
[Source "ChessBase"]
[SourceDate "2015.03.02"]
[SourceVersion "1"]
[SourceVersionDate "2015.03.02"]
[SourceQuality "1"]

1. d4 Nf6 2. c4 d5 3. Nc3 e6 4. Bg5 Be7 5. e3 c6 6. Nf3 Nbd7 7. Bd3 h6 8. Bh4 b6 9. Rc1 Bb7 10. cxd5 Nxd5 11. Bxe7 Qxe7 12. Nxd5 exd5 13. 0-0 0-0 14. Qd2 Rac8 15. b4 Qd6 16. Rfd1 Rfe8 17. Bf5 Rc7 18. a3 Ba6 19. Bd3 Bxd3 20. Qxd3 b5 21. Nd2 Nb6 22. Ra1 Nc4 23. Re1 Rce7 24. Qc3 f5 25. Nxc4 bxc4 26. g3 g5 27. Qd2 Re4 28. f3 R4e7 29. Kf2 Kf7 1/2-1/2

[Event "Tatabanya Regional-ch"]
[Site "Tatabanya"]
[Date "2014.12.28"]
[Round "3"]
[White "Nagy, Peter Balint"]
[Black "Javor, Tamas"]
[Result "0-1"]
[WhiteElo "1212"]
[BlackElo "1824"]
[PlyCount "76"]
[EventDate "2014.12.27"]
[EventType "swiss"]
[EventRounds "7"]
[EventCountry "HUN"]
[SourceTitle "CBM 164 Extra"]
[Source "ChessBase"]
[SourceDate "2015.03.02"]
[SourceVersion "1"]
[SourceVersionDate "2015.03.02"]
[SourceQuality "1"]

1. e4 e6 2. d4 d5 3. Nc3 Nf6 4. e5 Nfd7 5. Nf3 c5 6. Be3 Nc6 7. g3 cxd4 8. Nxd4 Ndxe5 9. Bg2 Bb4 10. 0-0 Nc4 11. Rb1 Nxe3 12. fxe3 Bxc3 13. bxc3 Nxd4 14. Qxd4 0-0 15. Rfd1 Qc7 16. e4 dxe4 17. Bxe4 Rb8 18. Rd3 b6 19. Rf1 Ba6 20. Rf4 g6 21. Rdf3 e5 22. Qd5 exf4 23. Rxf4 Qc5+ 24. Qd4 Qxd4+ 25. cxd4 Bb7 26. Bxb7 Rxb7 27. Kf2 Rc7 28. Ke3 Rxc2 29. d5 Rd8 30. Rd4 f5 31. Kf4 Re2 32. h4 Re4+ 33. Rxe4 fxe4 34. Kxe4 Kf7 35. Ke5 Ke7 36. a3 a6 37. g4 b5 38. g5 a5 0-1

[Event "Tatabanya Regional-ch"]
[Site "Tatabanya"]
[Date "2014.12.27"]
[Round "2"]
[White "Javor, Tamas"]
[Black "Nemeth, Lajos"]
[Result "1/2-1/2"]
[WhiteElo "1824"]
[BlackElo "1621"]
[PlyCount "36"]
[EventDate "2014.12.27"]
[EventType "swiss"]
[EventRounds "7"]
[EventCountry "HUN"]
[SourceTitle "CBM 164 Extra"]
[Source "ChessBase"]
[SourceDate "2015.03.02"]
[SourceVersion "1"]
[SourceVersionDate "2015.03.02"]
[SourceQuality "1"]

1. d4 d5 2. c4 Nf6 3. Nc3 e6 4. Nf3 Nc6 5. Bg5 Be7 6. e3 0-0 7. Be2 a6 8. 0-0 Na7 9. Rc1 c6 10. Ne5 dxc4 11. Bxc4 Nd5 12. Bxe7 Qxe7 13. a3 Bd7 14. Ne4 Nc8 15. Nc5 Be8 16. Be2 Nd6 17. Qd2 f5 18. Bf3 Rc8 1/2-1/2

[Event "Tatabanya Genius Cup 2nd"]
[Site "Tatabanya"]
[Date "2014.09.06"]
[Round "5"]
[White "Javor, Tamas"]
[Black "Pasztor, Bence"]
[Result "1-0"]
[WhiteElo "1841"]
[BlackElo "1523"]
[PlyCount "98"]
[EventDate "2014.08.31"]
[EventType "swiss"]
[EventRounds "6"]
[EventCountry "HUN"]
[SourceTitle "EXT 2019"]
[Source "ChessBase"]
[SourceDate "2018.10.10"]
[SourceVersion "1"]
[SourceVersionDate "2018.10.10"]
[SourceQuality "1"]

1. d4 d5 2. c4 e6 3. Nc3 Nf6 4. Bg5 Nbd7 5. e3 c6 6. cxd5 exd5 7. Nf3 Bb4 8. Qc2 c5 9. dxc5 Nxc5 10. Bb5+ Bd7 11. Bxd7+ Ncxd7 12. 0-0 Bxc3 13. Qxc3 0-0 14. Qd4 Re8 15. Rac1 Re4 16. Qd3 Rc8 17. Qa3 a6 18. b3 Ne5 19. Nxe5 Rxe5 20. Bf4 Re6 21. Rfd1 Rec6 22. h3 Ne4 23. Rxc6 Rxc6 24. Rc1 Qb6 25. Rxc6 Qxc6 26. Qe7 h6 27. Qd8+ Kh7 28. Qc7 Qxc7 29. Bxc7 Nc3 30. a4 b5 31. axb5 axb5 32. Kf1 Ne4 33. Ke2 Kg6 34. Bb6 Kf5 35. f3 Nf6 36. Bd4 Ne8 37. Kd3 g6 38. Kc3 Nc7 39. Kb4 Ke6 40. Bb6 Ne8 41. Kxb5 Nd6+ 42. Kc6 h5 43. g4 hxg4 44. hxg4 f5 45. g5 f4 46. exf4 Nf5 47. Kc5 Ne3 48. Kd4 Nf5+ 49. Kd3 Kd6 1-0

[Event "Tatabanya Genius Cup 2nd"]
[Site "Tatabanya"]
[Date "2014.08.31"]
[Round "3"]
[White "Viczencz, Peter"]
[Black "Javor, Tamas"]
[Result "1-0"]
[WhiteElo "1631"]
[BlackElo "1841"]
[PlyCount "73"]
[EventDate "2014.08.31"]
[EventType "swiss"]
[EventRounds "6"]
[EventCountry "HUN"]
[SourceTitle "EXT 2019"]
[Source "ChessBase"]
[SourceDate "2018.10.10"]
[SourceVersion "1"]
[SourceVersionDate "2018.10.10"]
[SourceQuality "1"]

1. e4 e6 2. d4 d5 3. Nc3 dxe4 4. Nxe4 Nd7 5. Nf3 Ngf6 6. Nxf6+ Nxf6 7. Bc4 c5 8. 0-0 Qc7 9. Bb3 Bd7 10. h3 c4 11. Bxc4 Qxc4 12. Ne5 Qc8 13. Bg5 Be7 14. c3 0-0 15. Rc1 Nd5 16. Bxe7 Nxe7 17. Qg4 Ng6 18. Nxd7 Qxd7 19. Rcd1 Qb5 20. b3 Rad8 21. c4 Qa5 22. Qe2 Rd7 23. Rd2 Rfd8 24. Rfd1 Qb6 25. Qg4 h6 26. Kh1 Qc7 27. h4 Qf4 28. Qxf4 Nxf4 29. g3 Ng6 30. h5 Ne7 31. g4 Nc6 32. d5 exd5 33. cxd5 Ne5 34. Rd4 Rd6 35. Kg2 Nc6 36. dxc6 Rxd4 37. Rxd4 1-0

[Event "Tatabanya Genius Cup 1st"]
[Site "Tatabanya"]
[Date "2013.03.17"]
[Round "6"]
[White "Laszlo, Imre"]
[Black "Javor, Tamas"]
[Result "1-0"]
[WhiteElo "2185"]
[BlackElo "1872"]
[PlyCount "131"]
[EventDate "2013.03.14"]
[EventType "swiss"]
[EventRounds "6"]
[EventCountry "HUN"]
[SourceTitle "EXT 2014"]
[Source "ChessBase"]
[SourceDate "2013.11.20"]
[SourceVersion "1"]
[SourceVersionDate "2013.11.20"]
[SourceQuality "1"]

1. Nf3 Nf6 2. d4 d5 3. g3 e6 4. Bg2 c5 5. 0-0 Nc6 6. c3 cxd4 7. cxd4 Bd6 8. Nc3 a6 9. Qc2 Bd7 10. a3 Rc8 11. Rd1 Na5 12. Qd3 Bc6 13. Nd2 Nc4 14. Nf1 Nb6 15. b3 Nbd7 16. Nd2 Qc7 17. Bb2 0-0 18. Rac1 Qb8 19. f3 Rfe8 20. e4 e5 21. exd5 Nxd5 22. Nxd5 Bxd5 23. dxe5 Bc5+ 24. Kh1 Bc6 25. f4 Bxg2+ 26. Kxg2 Red8 27. Qe4 b5 28. Nf3 Ba7 29. Rxc8 Qxc8 30. Qd5 Bb6 31. Qe4 Nf8 32. Rxd8 Bxd8 33. f5 Bb6 34. h4 h5 35. b4 Qd7 36. Bd4 Bxd4 37. Nxd4 Qc8 38. e6 fxe6 39. fxe6 Nh7 40. Qc6 Qd8 41. Qd7 Qa8+ 42. Kh2 Nf6 43. Qc6 Qxc6 44. Nxc6 Nd5 45. g4 hxg4 46. Kg3 Nc7 47. Nb8 Nxe6 48. Nxa6 Kf7 49. Nc5 Nd4 50. a4 bxa4 51. Nxa4 Ke6 52. Kxg4 Nb5 53. Kg5 Kf7 54. Nc5 Nd4 55. Nd3 Ne6+ 56. Kg4 Nd4 57. Nf2 g6 58. Ne4 Nb5 59. Kg5 Kg7 60. Kf4 Nd4 61. Nc3 Kf6 62. b5 Ne6+ 63. Kg4 Nc5 64. b6 Kf7 65. Kf4 Kf6 66. Ne4+ 1-0

[Event "Tatabanya Genius Cup 1st"]
[Site "Tatabanya"]
[Date "2013.03.16"]
[Round "4"]
[White "Kovacs, Milan1111"]
[Black "Javor, Tamas"]
[Result "0-1"]
[WhiteElo "1774"]
[BlackElo "1872"]
[PlyCount "74"]
[EventDate "2013.03.14"]
[EventType "swiss"]
[EventRounds "6"]
[EventCountry "HUN"]
[SourceTitle "EXT 2014"]
[Source "ChessBase"]
[SourceDate "2013.11.20"]
[SourceVersion "1"]
[SourceVersionDate "2013.11.20"]
[SourceQuality "1"]

1. e4 e6 2. d4 d5 3. exd5 exd5 4. Nf3 Nf6 5. Be3 Bg4 6. h3 Bh5 7. Be2 Bd6 8. Nbd2 Nbd7 9. c3 c6 10. Qc2 Qc7 11. b4 b5 12. Bd3 a5 13. bxa5 Qxa5 14. 0-0 0-0 15. Bg5 Rfe8 16. Nh4 Be2 17. Bxe2 Rxe2 18. Qd3 Re6 19. Nf5 Qc7 20. Nxd6 Qxd6 21. f4 Ree8 22. g4 Ne4 23. Nxe4 Rxe4 24. f5 f6 25. Bh4 Rae8 26. Rf3 Qe7 27. Bf2 Nb6 28. Kh2 Qa3 29. Qd1 Qb2 30. Kg3 Re2 31. h4 h6 32. g5 Nc4 33. gxf6 gxf6 34. Kh3 Kf7 35. Qg1 Rg8 36. Qh2 Qxa1 37. Qc7+ Re7 0-1

[Event "Komarom Esztergom County-chT"]
[Site "Hungary"]
[Date "2013.01.20"]
[Round "5.7"]
[White "Pusztai, Janos"]
[Black "Javor, Tamas"]
[Result "1/2-1/2"]
[WhiteElo "1801"]
[BlackElo "1884"]
[PlyCount "91"]
[EventDate "2012.09.29"]
[EventType "team-tourn"]
[EventRounds "10"]
[EventCountry "HUN"]
[SourceTitle "EXT 2014"]
[Source "ChessBase"]
[SourceDate "2013.11.20"]
[SourceVersion "1"]
[SourceVersionDate "2013.11.20"]
[SourceQuality "1"]
[WhiteTeam "Almasfuezito"]
[BlackTeam "Tata Naszaly"]
[WhiteTeamCountry "HUN"]
[BlackTeamCountry "HUN"]

1. e4 e6 2. Nf3 d5 3. exd5 exd5 4. d4 Nf6 5. Be2 Bf5 6. Nbd2 Bd6 7. 0-0 0-0 8. h3 Nbd7 9. Re1 c6 10. c4 b6 11. cxd5 cxd5 12. Nf1 Bb4 13. Bd2 Bxd2 14. N3xd2 Rc8 15. Ne3 Bg6 16. Bf3 Nb8 17. Qa4 Nc6 18. Rac1 Qd6 19. a3 a5 20. Rc3 Ne7 21. Rec1 Rxc3 22. Rxc3 Ne4 23. Nxe4 Bxe4 24. Bxe4 dxe4 25. Qd1 Nd5 26. Rb3 Nxe3 27. fxe3 Rc8 28. Qd2 f5 29. Rc3 Rf8 30. Qc2 Qd5 31. g3 g5 32. Qb3 Qxb3 33. Rxb3 Rf6 34. Rb5 Kg7 35. Re5 Kg6 36. Kf2 Rc6 37. Rb5 Kf6 38. g4 fxg4 39. hxg4 Re6 40. Kg3 Kg6 41. a4 h5 42. b4 h4+ 43. Kh3 axb4 44. Rxb4 Kf7 45. d5 Rd6 46. Rd4 1/2-1/2

[Event "HUN-chT2 Breyer 0910"]
[Site "Hungary"]
[Date "2010.02.28"]
[Round "7"]
[White "Sopow, Tamas"]
[Black "Javor, Tamas"]
[Result "1/2-1/2"]
[WhiteElo "1814"]
[BlackElo "1941"]
[PlyCount "61"]
[EventDate "2009.11.08"]
[EventType "team-tourn"]
[EventRounds "11"]
[EventCountry "HUN"]
[SourceTitle "EXT 2011"]
[Source "ChessBase"]
[SourceDate "2010.11.26"]
[SourceVersion "1"]
[SourceVersionDate "2010.11.26"]
[SourceQuality "1"]
[WhiteTeam "Turul"]
[BlackTeam "Geniusz Tata"]
[WhiteTeamCountry "HUN"]
[BlackTeamCountry "HUN"]

1. c4 Nf6 2. Nc3 e6 3. d4 d5 4. c5 b6 5. b4 Bd7 6. Bf4 a5 7. a3 bxc5 8. bxc5 Bc6 9. e3 Ne4 10. Nxe4 dxe4 11. Bc4 Be7 12. Ne2 0-0 13. Nc3 Nd7 14. Bg3 Bf6 15. Rb1 Nxc5 16. 0-0 Nb7 17. Qc2 Nd6 18. Bb5 Qd7 19. a4 Be7 20. Rfc1 Bxb5 21. Nxb5 Nxb5 22. Rxb5 Bd6 23. Bxd6 cxd6 24. Qxe4 d5 25. Qb1 Rfc8 26. Rxc8+ Qxc8 27. Rc5 Qd7 28. Qb5 Qd8 29. g3 g6 30. Kg2 Kg7 31. Kg1 1/2-1/2